000 00630nam a2200193Ia 4500
003 GCL
008 140319s9999 xx 000 0 ara d
040 _aGCL /
_cGCL
082 0 4 _a411.1
_bع ك
100 1 _aعبدالحميد السيد محمد عبدالحميد
245 1 0 _aكتاب الباء /
_cعبدالحميد السيد محمد عبدالحميد
260 _a[S.N] :
_bالمكتبة الازهرية ،
_c1989
300 _a368 ص
490 _a
650 0 4 _aالاصوات اللغوية
650 0 4 _aاللغة العربية
650 0 4 _aقواعد الاملاء والهجاء
942 _2ddc
_cBK
999 _c35977
_d35977